000 01360nam a22002777a 4500
001 47564
003 BD-RjUL
005 20220322125522.0
008 160809s1968 pk ||||| |||| 00| 0 ben d
020 _c: PRs. 8.00
035 _a(BD-RjUL)47683
040 _aBD-RjUL
_bben
_cBD-RjUL
041 _aben
082 _223
_a491.3
_bWOP 1968
100 _aঅলনার, আলফ্রেড সি.
_9144575
245 1 0 _aপ্রাকৃত প্রবেশিকা /
_cআলফ্রেড সি. অলনার ; অনুবাদ ও সম্পাদনায়: মুহম্মদ আবদুল হাই, পি. আর. বড়ুয়া
246 _aIntroduction to Prakit / Alfred C. Woolner
250 _a১ম সং.
260 _aঢাকা :
_bবাংলা ও সংস্কৃত বিভাগ, ঢাকা বিশ্ববিদ্যালয়,
_c১৯৬৮
300 _a[১৮], ২২৪ পৃ. ;
_c২১ সেমি.
650 _aপ্রাকৃত ভাষা
_91970
650 _aPrakrit languages
_91971
700 _aহাই, মুহম্মদ আবদুল, অনুবাদক ও সম্পাদক
_91972
700 _aবড়ুয়া, পি. আর., যুগ্ম অনুবাদক ও সম্পাদক
_91973
942 _2ddc
_cBK
999 _c47564
_d47564